UM Logo
Normal view MARC view
  • Clark, Mary Higgins

Entry Personal Name

Number of records used in: 1

001 - CONTROL NUMBER

  • control field: 42268

003 - CONTROL NUMBER IDENTIFIER

  • control field: OSt

005 - DATE AND TIME OF LATEST TRANSACTION

  • control field: 20201012145919.0

008 - FIXED-LENGTH DATA ELEMENTS

  • fixed length control field: 201012|| aca||aabn | a|a d

040 ## - CATALOGING SOURCE

  • Original cataloging agency: OSt
  • Transcribing agency: OSt

100 ## - HEADING--PERSONAL NAME

  • Personal name: Clark, Mary Higgins

670 ## - SOURCE DATA FOUND

  • Source citation: Work cat.: (OSt): Clark, Mary Higgins, I've got you under my skin /, ©2014